| 000 | 00486nam a22001577a 4500 | ||
|---|---|---|---|
| 003 | CEME | ||
| 005 | 20210628205208.0 | ||
| 008 | 210215b xxu||||| |||| 00| 0 eng d | ||
| 040 | _c. | ||
| 082 | _a954.0357 MUH'A | ||
| 100 |
_aMuhammad Saleem Ahmed _974374 |
||
| 245 | _aThe all india muslim league a history of the gowth and consolidation of political from the late nineteeth century to 1919 | ||
| 260 |
_aBAHAWALPUR _bILHAM PUBLISHER _c1988 |
||
| 300 | _aVI,274P | ||
| 942 |
_cBK _2ddc |
||
| 999 |
_c579908 _d579908 |
||